Great Literature #4 - Statistics

General Stats
  • This quiz has been taken 608 times
  • The average score is 15 of 20
Answer Stats
Hint Answer % Correct
The Lord of the Rings J. R. R. Tolkien
97%
Frankenstein Mary Shelley
96%
Emma Jane Austen
93%
David Copperfield Charles Dickens
90%
Brave New World Aldous Huxley
86%
The Metamorphosis Franz Kafka
85%
Anna Karenina Leo Tolstoy
84%
Oedipus the King Sophocles
84%
Gone with the Wind Margaret Mitchell
79%
Candide Voltaire
76%
The Sun Also Rises Ernest Hemingway
71%
The Idiot Fyodor Dostoyevsky
69%
A Passage to India E. M. Forster
66%
Midnight’s Children Salman Rushdie
64%
Leaves of Grass Walt Whitman
64%
A Portrait of the Artist as a Young Man James Joyce
63%
Things Fall Apart Chinua Achebe
59%
The Portrait of a Lady Henry James
57%
Absalom, Absalom! William Faulkner
51%
Pale Fire Vladimir Nabokov
37%
No matching quizzes found
Score Distribution
Percent of People with Each Score
Percentile by Number Answered
Your Score History
You have not taken this quiz